000 02538cam a22005414i 4500
003 PE-LiUPU
005 20250731173042.0
008 170725t2017 tnu rb 000 0 eng
020 _z9780190303204
020 _z9781426793042
035 _a(Sirsi) 995162563
035 _a(OCoLC)995162563
_z(OCoLC)1003796672
040 _aDLC
_beng
_erda
_cDLC
_dOCLCO
_dYDX
_dN$T
_dEBLCP
_dOCLCF
_dMERUC
_dIDB
_dOCLCA
_dPE-LiUPU
049 _aPRUA
050 1 0 _aBS1140.3
082 0 0 _a220.61
_bK37
_223
100 1 _aKelle, Brad E.,
_d1973-
_eautor.
245 1 0 _aTelling the Old Testament story :
_bGod's mission and God's people /
_cBrad E. Kelle.
264 1 _aNashville :
_bAbingdon Press,
_c2017.
300 _axviii, 235 páginas ;
_c23 centímetros
336 _atext
_2rdacontent
337 _aunmediated
_2rdamedia
338 _avolume
_2rdacarrier
504 _aBibliografía : páginas 195-201.
505 0 _aIntroduction -- The Old Testament as Story -- The introduction of God's Mission (Genesis 1-11) -- The calling and Creation of God's people (Genesis 12-50) (Exodus 1-15) -- he formation of God's People (Exodus 16-Deuteronomy) -- The Life of God's people (Part 1): In the Promised Land (Joshua-2 Kings) -- The Life of God's people (Part 2): Exile and Return (1 Chronicles-Esther) -- The Voices of Israel's Poets, Sages, and Prophets (Job-Song of Songs; Isaiah-Malachi) -- The end is the beginning: the ending of the Old Testament and the ongoing story of God.
526 _aSEG42
526 _aSEG41
526 _aSEG40
526 _aSEG39
526 _aP94
526 _aP87
526 _aP86
526 _aP85
526 _aP77
526 _aP76
526 _aP35
650 0 _aBiblia.
_pA.T.
_xIntroducciones.
650 0 _aBiblia como literatura.
910 _adbm
_bncf
_cncf
_d20171226
942 _2ddc
_cBOOK
949 _a220.61 K37
_wDEWEY
_c1
_i77759
_lCATALOGING
_mBUL
_p22.30
_r0
_sY
_tBOOK
_u2017-12-26
_xPOSGRADO
_PP85
_0COMPRA
_o.STAFF. Colección Teología.
994 _aC0
_bPEPRU
596 _a1
999 _a220.61 K37
_wDEWEY
_c26346
_i77759
_d26346
_e2018-2-1
_f2021-11-9
_g5
_lCCODEBUL1
_mBUL
_n2
_p22.30
_r0
_sY
_tBOOK
_u2017-12-26
_xTEOLOGIA
_PP85
_0COMPRA
_o.STAFF. Colección Teología.
999 _a220.61 K37
_wDEWEY
_c2
_i77861
_f2021-11-9
_g4
_lCCODEBUL1
_mBUL
_p22.30
_r0
_sY
_tBOOK
_u2018-1-4
_xTEOLOGIA
_PP85
_0COMPRA
_o.STAFF. Colección Teología.
980 _81
_gALBERTO SANCHEZ Responsable de Automatización